Obchodovanie na komoditných burzách bakalárska práca

Uložené v:
Podrobná bibliografia
Hlavný autor: Šoltésová, Adriána
Korporativný autor: Obchodná fakulta EU. Katedra medzinárodného obchodu
Ďalší autori: Pullmanová, Terézia, 1953-
Médium: Kniha
Jazyk:Slovak
Vydavateľské údaje: Bratislava 2010
Tagy: Pridať tag
Žiadne tagy, Buďte prvý, kto otaguje tento záznam!

MARC

LEADER 00000nam$a2200000$$$4500
001 0134261
005 20240320074339.5
041 0 |a slo 
044 |a SK 
245 1 0 |a Obchodovanie na komoditných burzách  |b bakalárska práca  |c Adriána Šoltésová ; školiteľ: Terézia Pullmanová 
264 1 |a Bratislava  |c 2010 
300 |a 36 s. 
100 1 |a Šoltésová, Adriána 
700 1 |a Pullmanová, Terézia, 1953- 
710 2 |a Obchodná fakulta EU. Katedra medzinárodného obchodu